| 000 | 00809nam a22002057a 4500 | ||
|---|---|---|---|
| 999 |
_c18019 _d18019 |
||
| 003 | AR-CdUCM | ||
| 008 | 190511b ||||| |||| 00| 0 spa d | ||
| 040 |
_aMUNICIPALIDAD PROVINCIAL DEL CUSCO _cBIBLIOTECA MUNICIPAL DEL CUSCO |
||
| 082 |
_a343.1 / _bO73 |
||
| 100 |
_aOrtecho Villena, Víctor Julio _92407 |
||
| 245 |
_aCriterios de aplicación de las leyes : _cInterpretación constitucional, Interpretación de los tratados / |
||
| 260 |
_aTrujillo : _bLibertad, _c1993. |
||
| 300 |
_a219 páginas ; _c21 cm. |
||
| 505 | _aContenido : Principios jurídicos -- Criterio de interpretación de las leyes -- Interpretación de los tratados... | ||
| 650 |
_aAnalisis de leyes _938346 |
||
| 650 |
_aPrincipios jurídicos _938347 |
||
| 650 |
_aCriterio de leyes _938348 |
||
| 942 |
_2ddc _cLIBROS |
||
| 945 | _arcc | ||